000 01025nam0a22002651 4500
001 rc\3676762
005 20130115151334.1
021 _aRU
_b[70-72920]
035 _a(NLR Aleph) 007844232
090 _a9824558
_c9824558
100 _a20130115d1970 |||y0rusy50 ca
101 0 _arus
102 _aRU
105 _aa z |||||
200 1 _aАнизотропные многосвязные среды
_e(Учеб. пособие)
_fМ-во ВССО УССР. Донецкий гос. ун-т. Донецкий ин-т прикл. математики и механики АН УССР
210 _aДонецк
_cБ. и.
_d1970
215 _a233 с.
_cчерт.
_d19
320 _aБиблиогр.: с. 219-228 (71 назв.)
606 _aПластины анизотропные
_xНапряжения
_2psbo
700 1 _aКосмодамианский
_bА. С.
_gАлександр Сергеевич
801 0 _aRU
_bNLR
_gpsbo
801 1 _aRU
_bELAR
_2rusmarc
852 _aNLR
_j70-3/5808
942 _cBOOK
980 _aNB